Statistics for Saxony State Quiz

Click here to take the quiz!

General Stats

  • This quiz has been taken 342 times
    (327 since last reset)
  • The average score is 11 of 15

Answer Stats

HintAnswer% Correct
Poland
99%
Bordering foreign countriesCzech Republic
98%
Capital cityDresden
95%
Largest cityLeipzig
91%
Major riverElbe
85%
This emperor was decisively beaten at the Battle of Nations in 1813Napoleon
78%
Ceramic material that is famously produced in MeißenChina
74%
"The Brandenburg Concertos" composer who worked in the largest cityJohann Sebastian Bach
71%
Saxony is considered to be the motherland of this 16th century religious movementReformation
70%
Moutainous area named for a country due to its similar landscape: Saxon ______Switzerland
70%
Which other German state is the place where the old Saxon tribes lived?Lower Saxony
68%
Chemnitz was named after him from 1953 to 1990Karl Marx
67%
Indigenous Slavic minoritySorbs
53%
They are 90 boys, they go to school in the largest city, and they are called Thomaner. What are they?A choir
37%
What does the P in the far-right movement Pegida stand for?Patriotic
24%

Score Distribution

Percentile by Number Answered

Percent of People with Each Score

Your Score History

You have not taken this quiz since the last reset